[Event "Niska Banja op"]
[Site "Niska Banja"]
[Date "2017.04.02"]
[Round "5"]
[White "Milosevic, Milica"]
[Black "Jakab, Janos"]
[Result "0-1"]
[WhiteElo "1775"]
[BlackElo "1839"]
[PlyCount "88"]
[EventDate "2017.03.30"]
[EventType "swiss"]
[EventRounds "5"]
[EventCountry "SRB"]
[SourceTitle "CBM 177 Extra"]
[Source "ChessBase"]
[SourceDate "2017.04.27"]
[SourceVersion "1"]
[SourceVersionDate "2017.04.27"]
[SourceQuality "1"]

1. d4 d5 2. Nf3 c5 3. c3 e6 4. Bf4 Nc6 5. e3 Nf6 6. h3 Bd6 7. Bxd6 Qxd6 8. Be2 0-0 9. 0-0 a6 10. a4 Bd7 11. dxc5 Qxc5 12. Nbd2 h6 13. c4 dxc4 14. Nxc4 Rfd8 15. Qb3 b5 16. axb5 axb5 17. Ncd2 Na5 18. Qd1 Bc6 19. Nd4 Be8 20. N2b3 Qb6 21. Nxa5 Rxa5 22. b4 Ra4 23. Qb3 Nd5 24. Nc2 Rda8 25. Bf3 Bc6 26. e4 Nf6 27. Qd3 Rd8 28. Qe2 Qb7 29. Rae1 Ra2 30. Rd1 Rxd1 31. Rxd1 Nxe4 32. Rd8+ Kh7 33. Qd3 f5 34. Be2 Qb6 35. Ne3 Bd5 36. Re8 Ra1+ 37. Bf1 Bc4 38. Qc2 Qc6 39. Re7 Qd6 40. Rb7 Qxb4 41. Nxc4 Qxc4 42. Qxc4 bxc4 43. Rd7 c3 44. f3 c2 0-1

[Event "Corund Ceramica op 2nd"]
[Site "Corund"]
[Date "2016.09.18"]
[Round "6"]
[White "Kristofori, Attila"]
[Black "Jakab, Janos"]
[Result "1-0"]
[WhiteElo "2082"]
[BlackElo "1865"]
[PlyCount "137"]
[EventDate "2016.09.14"]
[EventType "swiss"]
[EventRounds "7"]
[EventCountry "ROU"]
[SourceTitle "CBM 174 Extra"]
[Source "ChessBase"]
[SourceDate "2016.10.10"]
[SourceVersion "1"]
[SourceVersionDate "2016.10.10"]
[SourceQuality "1"]

1. e4 e5 2. Nf3 Nc6 3. Bb5 d6 4. d4 exd4 5. Nxd4 Bd7 6. 0-0 Be7 7. Nc3 Nxd4 8. Bxd7+ Qxd7 9. Qxd4 Bf6 10. Qe3 Ne7 11. Re1 0-0 12. Bd2 g6 13. Ne2 Rfe8 14. Qf3 Bg7 15. Bc3 Nc6 16. Bxg7 Kxg7 17. Qc3+ Kg8 18. Nf4 Ne7 19. Rad1 c6 20. Re3 Qg4 21. Rf3 Rad8 22. Qf6 Nc8 23. h3 Qd7 24. Rg3 Re5 25. Nd3 Qe7 26. Qxe7 Rxe7 27. Re3 Rde8 28. Rde1 Nb6 29. b3 f6 30. c4 Kf7 31. c5 Nc8 32. b4 b6 33. f4 dxc5 34. bxc5 Re6 35. Kf2 Rd8 36. g4 Rd4 37. e5 f5 38. Kf3 Ne7 39. Kg3 Nd5 40. Rf3 Nc3 41. Nf2 Nd5 42. Ra3 bxc5 43. Rxa7+ Re7 44. e6+ Kf8 45. Rd7 Ra4 46. gxf5 gxf5 47. Re5 Rxd7 48. exd7 Ra8 49. Nd3 c4 50. Nc5 c3 51. Ne6+ Ke7 52. Nc7+ Kxd7 53. Nxa8 Nf6 54. Re1 Kd6 55. Nb6 Kc5 56. Na4+ Kb4 57. Nxc3 Kxc3 58. Rc1+ Kb2 59. Rxc6 Ne4+ 60. Kh4 Kxa2 61. Rh6 Kb3 62. Rxh7 Kc4 63. Rd7 Kc5 64. Rd8 Kc6 65. Rf8 Nd6 66. Rf6 Kd5 67. Rxd6+ Kxd6 68. Kg5 Ke6 69. Kg6 1-0

[Event "Corund Ceramica op 2nd"]
[Site "Corund"]
[Date "2016.09.14"]
[Round "1"]
[White "Jakab, Janos"]
[Black "Aczel, Gergely"]
[Result "0-1"]
[WhiteElo "1865"]
[BlackElo "2499"]
[PlyCount "82"]
[EventDate "2016.09.14"]
[EventType "swiss"]
[EventRounds "7"]
[EventCountry "ROU"]
[SourceTitle "CBM 174 Extra"]
[Source "ChessBase"]
[SourceDate "2016.10.10"]
[SourceVersion "1"]
[SourceVersionDate "2016.10.10"]
[SourceQuality "1"]

1. e4 c5 2. Nf3 e6 3. d4 cxd4 4. Nxd4 a6 5. Bd3 b5 6. Be3 Bb7 7. 0-0 Nf6 8. Nd2 Nc6 9. c3 Ne5 10. Bc2 Nfg4 11. Bf4 g5 12. Bxe5 Nxe5 13. Qh5 Ng6 14. Ne2 Bd6 15. Rad1 Bc7 16. a4 Qf6 17. g3 Bb6 18. Nf3 Ne5 19. Ned4 bxa4 20. Nxe5 Qxe5 21. f4 Qg7 22. Kg2 Rc8 23. Kh3 Qg6 24. Qe2 gxf4 25. Rxf4 a3 26. Nf5 Bc7 27. Nh4 Qg7 28. Rg4 Qe5 29. Nf3 Qb5 30. Qd2 axb2 31. Rg5 e5 32. c4 Qc6 33. Nxe5 Qe6+ 34. Ng4 h5 35. Rf5 hxg4+ 36. Kxg4 Bxe4 37. Bxe4 Qxe4+ 38. Rf4 Bxf4 39. Qxd7+ Kf8 40. Qxc8+ Kg7 41. Qf5 Qxf5+ 0-1